<?xml version="1.0" encoding="UTF-8"?>
<record
    xmlns:xsi="http://www.w3.org/2001/XMLSchema-instance"
    xsi:schemaLocation="http://www.loc.gov/MARC21/slim http://www.loc.gov/standards/marcxml/schema/MARC21slim.xsd"
    xmlns="http://www.loc.gov/MARC21/slim">

  <leader>00700nam a22002057a 4500</leader>
  <controlfield tag="003">OSt</controlfield>
  <controlfield tag="005">20251105020004.0</controlfield>
  <controlfield tag="008">250805b        |||||||| |||| 00| 0 eng d</controlfield>
  <datafield tag="020" ind1=" " ind2=" ">
    <subfield code="a">9781985086593</subfield>
  </datafield>
  <datafield tag="040" ind1=" " ind2=" ">
    <subfield code="b">English</subfield>
    <subfield code="c">Central Library IIT Goa</subfield>
  </datafield>
  <datafield tag="082" ind1=" " ind2=" ">
    <subfield code="a">005.43</subfield>
    <subfield code="b">RAP</subfield>
  </datafield>
  <datafield tag="100" ind1=" " ind2=" ">
    <subfield code="a">Arpaci-Dusseau, Remzi H.</subfield>
    <subfield code="9">3539</subfield>
  </datafield>
  <datafield tag="245" ind1=" " ind2=" ">
    <subfield code="a">Operating Systems :</subfield>
    <subfield code="b"> Three Easy Pieces /</subfield>
    <subfield code="c"> Remzi H. Arpaci-Dusseau &amp; Andrea C. Arpaci-Dusseau,</subfield>
  </datafield>
  <datafield tag="260" ind1=" " ind2=" ">
    <subfield code="a">Madison, US :</subfield>
    <subfield code="b">Arpaci-Dusseau Books ,</subfield>
    <subfield code="c">2008</subfield>
  </datafield>
  <datafield tag="300" ind1=" " ind2=" ">
    <subfield code="a">xxvi,707p.</subfield>
  </datafield>
  <datafield tag="650" ind1=" " ind2=" ">
    <subfield code="a">Operating Sysytems (Computer)</subfield>
    <subfield code="9">3540</subfield>
  </datafield>
  <datafield tag="650" ind1=" " ind2=" ">
    <subfield code="a">Sysytem Programming (Computer Science)</subfield>
    <subfield code="9">3541</subfield>
  </datafield>
  <datafield tag="700" ind1=" " ind2=" ">
    <subfield code="a">Arpaci-Dusseau, Andrea C.</subfield>
    <subfield code="e">author</subfield>
    <subfield code="9">3542</subfield>
  </datafield>
  <datafield tag="942" ind1=" " ind2=" ">
    <subfield code="2">ddc</subfield>
    <subfield code="c">BK</subfield>
    <subfield code="0">4</subfield>
  </datafield>
  <datafield tag="952" ind1=" " ind2=" ">
    <subfield code="0">0</subfield>
    <subfield code="1">0</subfield>
    <subfield code="2">ddc</subfield>
    <subfield code="4">0</subfield>
    <subfield code="7">3</subfield>
    <subfield code="8">REF</subfield>
    <subfield code="a">IITGCL</subfield>
    <subfield code="b">IITGCL</subfield>
    <subfield code="c">REF</subfield>
    <subfield code="d">2025-08-05</subfield>
    <subfield code="e">Rajasthani Granthagar</subfield>
    <subfield code="g">2427.00</subfield>
    <subfield code="l">4</subfield>
    <subfield code="o">005.43/ RAP</subfield>
    <subfield code="p">4563</subfield>
    <subfield code="r">2025-12-04 14:09:21</subfield>
    <subfield code="s">2025-11-04</subfield>
    <subfield code="t">1</subfield>
    <subfield code="v">2427.00</subfield>
    <subfield code="w">2025-08-05</subfield>
    <subfield code="y">REF</subfield>
    <subfield code="z">RG/2526/134||11-07-2025||25.00%||USD 28.27</subfield>
  </datafield>
  <datafield tag="999" ind1=" " ind2=" ">
    <subfield code="c">1833</subfield>
    <subfield code="d">1833</subfield>
  </datafield>
</record>
